000167406 001__ 167406
000167406 005__ 20260121151436.0
000167406 037__ $$aTAZ-TFG-2025-706
000167406 041__ $$aspa
000167406 1001_ $$aGarcinuño Gil, Luis Javier
000167406 24200 $$aHealth  program aimed at patients with cardiovascular diseases in order to responsable promote of exercise
000167406 24500 $$aPrograma de educación para la salud dirigido a pacientes con enfermedades cardiovasculares para la promoción responsable de ejercicio
000167406 260__ $$aZaragoza$$bUniversidad de Zaragoza$$c2025
000167406 506__ $$aby-nc-sa$$bCreative Commons$$c3.0$$uhttp://creativecommons.org/licenses/by-nc-sa/3.0/
000167406 520__ $$aLas Enfermedades Cardiovasculares (ECV) ,y en concreto el Infarto Agudo de Miocardio (IAM) , son una de las principales causas de morbimortalidad en todo el mundo. La prevención primaria y secundaria es fundamental para reducir los datos relacionados con esta patología. Dentro de las medidas de esa prevención se ha demostrado que el ejercicio físico es un elemento imprescindible.<br />El objetivo es diseñar un programa de educación para la salud que fomente la realización de ejercicio físico tanto para pacientes que han sufrido un IAM como para la población  sana de forma que ambos grupos puedan integrar el ejercicio en su rutina diaria.<br />Se ha realizado una revisión bibliográfica  en bases de datos sanitarias así como en páginas web de la Organización Mundial de la Salud y de la Fundación del Corazón. Los datos estadísticos se han obtenido del Instituto Nacional de Estadística, del Instituto Aragonés de Estadística y del Atlas de Salud de Aragón).<br />El programa propuesto consiste en 4 sesiones que darán a conocer las principales características de su enfermedad, de forma que se tenga un mayor conocimiento de la misma, así como se pondrá de manifiesto la importancia del ejercicio físico como un componente fundamental no sólo del tratamiento sino como elemento preventivo.<br />Se concluye que el ejercicio es un valor clave en relación con el IAM. Fomentando un mayor conocimiento tanto de la enfermedad como de la importancia de incluirlo en su estilo de vida adaptado a sus circunstancias personales y usando las nuevas tecnologías se obtendrá una mejora en la salud de los pacientes y de la población sana.<br /><br />
000167406 521__ $$aGraduado en Enfermería
000167406 540__ $$aDerechos regulados por licencia Creative Commons
000167406 691__ $$a3 12 13
000167406 692__ $$a 3.4; 12.8 y 13.3.
000167406 700__ $$aNavarrete Villanueva, David$$edir.
000167406 7102_ $$aUniversidad de Zaragoza$$bFisiatría y Enfermería$$cEnfermería
000167406 8560_ $$f319799@unizar.es
000167406 8564_ $$s1536315$$uhttps://zaguan.unizar.es/record/167406/files/TAZ-TFG-2025-706.pdf$$yMemoria (spa)
000167406 909CO $$ooai:zaguan.unizar.es:167406$$pdriver$$ptrabajos-fin-grado
000167406 950__ $$a
000167406 951__ $$adeposita:2026-01-21
000167406 980__ $$aTAZ$$bTFG$$cEUCS
000167406 999__ $$a20250513132059.CREATION_DATE